Historia de las religiones

সংরক্ষণ করুন:
গ্রন্থ-পঞ্জীর বিবরন
প্রধান লেখক: Tokarev, S. A (Author)
বিন্যাস: গ্রন্থ
ভাষা:স্প্যানিশ
প্রকাশিত: Madrid Akai 1979
মালা:Akai Bolsillo, 12
বিষয়গুলি:
ট্যাগগুলো: ট্যাগ যুক্ত করুন
কোনো ট্যাগ নেই, প্রথমজন হিসাবে ট্যাগ করুন!

MARC

LEADER 00000nam a2200000 a 4500
001 UCP5100
003 CL-VaPUC
008 990827e19790000SP |||||||||||||||||spa|d
082 0 4 |a 291  |b TOK  |2 21 
100 0 |a Tokarev, S. A  |e author  |9 433258 
245 1 0 |a Historia de las religiones 
300 |a 530 p 
942 |c BK 
945 |d 19990827 00:00:00  |a crobeson 
260 |a Madrid  |b Akai  |c 1979 
650 0 |a Religiones comparadas   |9 349653 
650 0 |a Historia religiosa  |9 314583 
650 7 |a RELIGIONES PRIMITIVAS  |2 CL-VaPUC  |9 433259 
650 0 |a Religiones antiguas  |9 314285 
650 7 |a CULTOS TRIVALES  |2 CL-VaPUC  |9 433260 
650 7 |a GERMANOS  |2 CL-VaPUC  |9 322979 
650 7 |a CELTAS  |2 CL-VaPUC  |9 265859 
650 0 |a Cristianismo  |9 257361 
650 0 |a Judaísmo  |9 269348 
650 0 |a Islamismo  |9 314084 
650 7 |a BUDISMO  |2 CL-VaPUC  |9 433261 
650 0 |a Hinduismo  |9 265212 
650 0 |a Mitología griega   |9 265313 
650 7 |a MITOLOGIA ROMANA  |2 CL-VaPUC  |9 265213 
651 0 |a África  |9 256790 
651 0 |a América  |9 255182 
651 0 |a Asia  |9 268338 
651 0 |a Australia  |9 262077 
651 0 |a China   |9 257545 
651 0 |a Egipto   |9 268199 
651 0 |a Japón   |9 260391 
651 0 |a Mesopotamia  |9 314286 
651 7 |a OCEANIA  |2 CL-VaPUC  |9 317234 
583 |a last modification  |c 19990827 00:00:00  |k Rodrigo Vera 
490 0 |a Akai Bolsillo, 12 
999 |c 282924  |d 282922 
952 |0 0  |1 0  |4 0  |6 291_000000000000000_TOK_1979  |7 0  |8 A  |9 325541  |a BIBHIS  |b BIBHIS  |d 2019-11-20  |i 1356623  |o 291 TOK 1979  |p 1356623  |r 2025-01-20  |w 2019-11-20  |y BK  |k HIS